1388 1574 1035 1977 1930 1127 1922 1232 1298 1797 1381 1894 1831 1559 1463 1496 1864 1864 1907 1638 1918 1018 1400 1718 1677 1232 1866 1903 1979 1183 1941 1291 1750 1704 1996 1491 1106 1753 1761 1205 1987 1495 1563 1548 1860 1982 1411 1605 1427 1817 1651 1336 1818 1263 1559 1015 1905 1397 1909 1008 1677 1569 1262 1247 1482 1112 1372 1889 1537 1768 1619 1642 1294 1992 1985 1971 1990 1749 1712 1943 1060 1326 1503 1622 1366 1136 1174 1509 1818 1670 1501 1464 1179 1743 1208 1085 1740 1702 1625 BCNSPRNW ULIB Ver.6.0+V

เปลี่ยนเป็นภาษาไทย

Change to English
 แสดงรายละเอียดบรรณานุกรม
  กลับหน้าหลัก

Brief Record : Get Marc (ISO 2709) : E-mail record : QR code < ปิดหน้าต่าง
LEADER : 00000nam 2200000uu 4500
001    13399113999
003     ULIB
008    120125s2552||||th 000 0 tha d
020    ^a9786117097027
090    ^aนว.^bล125ป 2552
100 0  ^aลมหายใจเทพยดา
245 00 ^aThe X mas Bless ปิ๊งรักสุดเฮ้ว กับ หนุ่มเอลฟ์สุดซ่า/^cลมหายใจเทพยดา
250    ^aพิมพ์ครั้งที่ 1
260    ^aกรุงเทพฯ :^bSimply Book Chill Out,^c2552
300    ^a192 หน้า
710 1  ^aSimply Book Chill Out
945    ^p155^l0^i15827
995    ^aกัณชพร
999    ^aใช้งานได้ทุกระบบ
รายการนี้ยังไม่มีแท็ก
คุณยังไม่ได้ล็อกอิน คุณสามารถมีกิจกรรมร่วมกับเว็บไซต์ได้ แต่ต้องล็อกอินก่อน ::
  ล็อกอิน

รายการสื่อสารสนเทศ

ลำดับที่ ประเภท เลขเรียก/บาร์โค้ด สถานที่ สถานะ
1. นวนิยาย
นวนิยาย
นว. ล125ป 2552  
  Barcode: 15827
ห้องสมุดวิทยาเขตสวรรค์ประชารักษ์
►นวนิยาย
บนชั้น
  ขอยืม

BibComment


ยังไม่เคยถูกคอมเมนท์

คอมเมนท์ทรัพยากรรายการนี้
  คอมเมนท์: The X mas Bless ..


 Copyright 2026. Bcnsprnw @Library